000 00514nam a2200193Ia 4500
005 20250326141130.0
008 250326s9999 xx 000 0 und d
020 _a1 85972 041 2
037 _aTextbook
040 _aFMSL
_beng
_cFMSL
041 _aeng
_2eng
084 _aX:8 N7
_qFMSL
100 _aAnaloui F
_9743777
245 0 _aSenior managers and their effectiveness
_cAnaloui F
260 _aUSA
_bUSA, Avebury
_c1997
300 _a167p
942 _cTB
_hX:8 N7
999 _c1288847
_d1288847